| 000 | 00563nam a2200169 i 4500 | ||
|---|---|---|---|
| 001 | 73964 | ||
| 003 | ES-MaACL | ||
| 005 | 20230906171955.0 | ||
| 007 | t| | ||
| 008 | 040914s1908 bl ||||1| spa d | ||
| 100 | 1 |
_aGonzález, Francisco. _958313 |
|
| 245 | 1 | 0 |
_aQueja ante la honorable Cámara de Diputados del pueblo español / _cFrancisco González. |
| 260 |
_aRio de Janeiro : _b[s.n.], _c1908 ( _fTyp. Lith. Malafaia Junior) |
||
| 300 |
_a20 p. ; _c30 cm. |
||
| 594 | _aAutor tomado del texto. | ||
| 852 |
_aES-MaACL _jT-1479-F-6 _z.- Ded. manuscrita del autor |
||
| 999 |
_c73964 _d73964 |
||